000 00569nam a22001697a 4500
003 OSt
005 20260414093656.0
008 260414b |||||||| |||| 00| 0 eng d
040 _aDWCL GS lib
_cOC
082 _aRes. (Fil.) 920 M354b 2002
100 _aRosario, Benedicta Ma.
245 _amga bayani ng ating lahi
_cBenedicta Ma. Rosario
260 _aPhilippines
_bISA- JECHO PUBLISHING, INC.
_cc2007
300 _a183
_c20cm
700 _aBenedicta Ma. Rosario
942 _2ddc
_cFIC.
_hRes. (Fil.) 920 M354b 2002
_n0
999 _c9418
_d9418